Statistiques concernant Pokémon dominants

Cliquez ici pour prendre le quiz!

Statistiques générales

  • Ce quiz a été pris 72 fois
  • Le résultat moyen est 9 sur 12

Statistiques - réponses

Pokémon Dominants% Correct
Mimiqui
85%
Ekaïser
83%
Froussardine
83%
Rattatac
81%
Argouste
78%
Malamandre
78%
Floramantis
76%
Lucanon
74%
Ossatueur
72%
Tarenbulle
67%
Togedemaru
59%
Rubombelle
57%

Distribution des résultats

Percentile par nombre de réponses

% des personnes avec chaque résultat

Votre développement - résultats

Vous n’avez pas pris ce quiz